000 00215nam a22000977a 4500
082 _a911.1 COM'M
245 _aCOMMERCIAL GEOGRAPHY OF THE WORLD
260 _aLONDON
_bSIR ISAAC
_c1920
300 _a324P
942 _cBK
999 _c567875
_d567875